000 004420000a22001690004500
003 LK-CoMWRAF
008 230817t ||||| |||| 00| 0 eng d
040 _aLK-CoMWRAF
_dLK-CoMWRAF
_eLK-CoMWRAF
041 _aeng
082 _a180
_bMAS
100 _aMasoothu, T.M.M Sayeed
245 _aIslathil penkalin urimaikalum pathukapum
_b
260 _aMannarkudy
_Balkees Nachiya
_c1996
300 _ap.100
650 _awomen& Islam
942 _cBK
999 _c2851
_d2851